ARRUPE JESUIT UNIVERSITY

CORONAVIRUS -STOP THE SPREAD - CLEAN,DISINFECT,COVER

Gabriel Marcel et la pensée allemande : (Record no. 118868)

MARC details
000 -LEADER
fixed length control field 01012cam a2200301 i 4500
001 - CONTROL NUMBER
control field 2766572
003 - CONTROL NUMBER IDENTIFIER
control field ARRUPE
005 - DATE AND TIME OF LATEST TRANSACTION
control field 20131129141329.0
008 - FIXED-LENGTH DATA ELEMENTS--GENERAL INFORMATION
fixed length control field 791129s1979 fr 000 0 fre
010 ## - LIBRARY OF CONGRESS CONTROL NUMBER
LC control number 79388237
015 ## - NATIONAL BIBLIOGRAPHY NUMBER
National bibliography number F***
020 ## - INTERNATIONAL STANDARD BOOK NUMBER
Terms of availability 28.00F
040 ## - CATALOGING SOURCE
Original cataloging agency DLC
Transcribing agency DLC
Modifying agency DLC
050 00 - LIBRARY OF CONGRESS CALL NUMBER
Classification number B2430.M254
Item number G28 1979
082 00 - DEWEY DECIMAL CLASSIFICATION NUMBER
Classification number 194
300 ## - PHYSICAL DESCRIPTION
Dimensions 24 cm.
245 00 - TITLE STATEMENT
Title Gabriel Marcel et la pensée allemande :
Remainder of title Nietzsche, Heidegger, Ernst Bloch.
260 ## - PUBLICATION, DISTRIBUTION, ETC. (IMPRINT)
Place of publication, distribution, etc [Paris] :
Name of publisher, distributor, etc Aubier,
Date of publication, distribution, etc [1979]
300 ## - PHYSICAL DESCRIPTION
Extent 142 p. ;
490 1# - SERIES STATEMENT
Series statement Cahier - Présence de Gabriel Marcel ; no 1
500 ## - GENERAL NOTE
General note Cover title.
600 10 - SUBJECT ADDED ENTRY--PERSONAL NAME
Personal name Marcel, Gabriel,
Dates associated with a name 1889-1973.
9 (RLIN) 4472
600 10 - SUBJECT ADDED ENTRY--PERSONAL NAME
Personal name Nietzsche, Friedrich Wilhelm,
Dates associated with a name 1844-1900.
9 (RLIN) 4473
600 10 - SUBJECT ADDED ENTRY--PERSONAL NAME
Personal name Heidegger, Martin,
Dates associated with a name 1889-1976.
9 (RLIN) 4474
600 10 - SUBJECT ADDED ENTRY--PERSONAL NAME
Personal name Bloch, Ernst,
Dates associated with a name 1885-1977.
9 (RLIN) 4475
810 2# - SERIES ADDED ENTRY--CORPORATE NAME
Corporate name or jurisdiction name as entry element Présence de Gabriel Marcel (Association).
Title of a work Cahier - Présence de Gabriel Marcel ;
Volume/sequential designation no 1.
9 (RLIN) 4476
906 ## - LOCAL DATA ELEMENT F, LDF (RLIN)
a 7
b cbc
c orignew
d 3
e ncip
f 19
g y-gencatlg
942 ## - ADDED ENTRY ELEMENTS (KOHA)
Source of classification or shelving scheme Library of Congress Classification
Koha item type Monograph ( Printed materials)
Holdings
Withdrawn status Lost status Source of classification or shelving scheme Damaged status Not for loan Home library Current library Shelving location Date acquired Total Checkouts Full call number Barcode Date last seen Date checked out Price effective from Koha item type
    Library of Congress Classification     ARRUPE LIBRARY ARRUPE LIBRARY Main Collection 29/11/2013 3 B2430.M254 G28 1979 46410380 16/05/2017 17/01/2017 29/11/2013 Monograph ( Printed materials)

 

Arrupe Library. PO Box MP320 Mt Pleasant, Harare, Zimbabwe
263 242 745411|librarian@aju.ac.zw